000
00277nam a22001337a 4500
082
_a
297.1229
_b
MAJ
245
_a
Majmuah e wazaif
300
_a
357p
563
_a
PB
650
_a
prayer books
_9
119632
650
_a
Islam
650
_a
Worship
_9
119633
942
_2
ddc
_c
BK
999
_c
606812
_d
606812